书目信息 |
| 题名: |
物理冶金学原理习题集
|
|
| 作者: | 康大韬 编 | |
| 分册: | ||
| 出版信息: | 北京 机械工业出版社 1981 |
|
| 页数: | 287页 | |
| 开本: | 19cm | |
| 丛书名: | ||
| 单 册: | ||
| 中图分类: | TG11-44 , TF1-44 | |
| 科图分类: | ||
| 主题词: | 物理冶金学--习题 , 冶金--技术 | |
| 电子资源: | ||
| ISBN: | ||
| 000 | 00695nam0 2200265 45 | |
| 001 | 0181000366 | |
| 005 | 20040521110636.1 | |
| 010 | @dCNY0.94 | |
| 091 | @a15033.5026 | |
| 100 | @a19950428d1981 em y0chiy0121 ea | |
| 101 | 0 | @achi |
| 102 | @aCN@b110000 | |
| 105 | @ay q 000yy | |
| 106 | @ar | |
| 200 | 10 | @a物理冶金学原理习题集@Awu li ye jin xue yuan li xi ti ji@f康大韬编 |
| 210 | @a北京@c机械工业出版社@d1981 | |
| 215 | @a287页@d19cm | |
| 606 | @a物理冶金学@x习题 | |
| 606 | 0 | @a冶金@x技术 |
| 690 | @aTG11-44@v3 | |
| 690 | @aTF1-44 | |
| 701 | 0 | @a康大韬@Akang da tao@4编 |
| 801 | 0 | @aCN@b上海图书馆@c20040521 |
| 801 | 2 | @aCN@bNLC@c20040521 |
| 905 | @f2@b50342-343@dTF1-44@e3 | |
| 物理冶金学原理习题集/康大韬编.-北京:机械工业出版社,1981 |
| 287页;19cm |
| ISBN :CNY0.94 |
| ● |
| 相关链接 |
|
|
|
|
正题名:物理冶金学原理习题集
索取号:TF1-44/3
 
预约/预借
| 序号 | 登录号 | 条形码 | 馆藏地/架位号 | 状态 | 备注 |
| 1 | 0050342 | 001362215 | 第三借阅区/ [索取号:TF1-44/3] | 在馆 | |
| 2 | 0050343 | 001361788 | 第三借阅区/ [索取号:TF1-44/3] | 在馆 | |
| 3 | 0050344 | 001362171 | 第二样本阅览室/ [索取号:TF1-44/3] | 在馆 |